Statistics for Top 15 Biggest UK Cities or Towns beginning with........P and,er, Q (if there are any.....)

Click here to take the quiz!

General Stats

  • This quiz has been taken 140 times
  • The average score is 6 of 15

Answer Stats

HintAnswer% Correct
1Plymouth
95%
2Portsmouth
95%
4Peterborough
82%
3Preston
76%
7Perth
62%
5Poole
53%
6Paignton
29%
8Port Talbot
29%
12Pontefract
24%
14Portishead
12%
9Pudsey
10%
13Penarth
4%
15Potters' Bar
4%
10Prestwich
4%
11Pitsea
0%

Score Distribution

Percentile by Number Answered

Percent of People with Each Score

Your Score History

You have not taken this quiz